Démonologové : neuvěřitelné případy Eda a Lorraine Warrenových, skutečných lovců duchů /
Kniha přibližuje čtenářům skutečné a děsivé paranormální případy, do jejichž vyšetřování se zapojila známá manželská dvojice Warrenových. Na motivy některých přídadů vznikly úspěšné filmové adaptace.
Uloženo v:
| Hlavní autor: | |
|---|---|
| Další autoři: | |
| Médium: | E-audiokniha |
| Jazyk: | Czech |
| Vydáno: |
Praha :
XYZ,
2025
|
| Vydání: | 2. vydání |
| Témata: | |
| Tagy: |
Žádné tagy |
| LEADER | 04295nam a2200997 i 4500 | ||
|---|---|---|---|
| 001 | 313418 | ||
| 003 | CZ PrSKC | ||
| 005 | 20260601215742.0 | ||
| 007 | ta | ||
| 008 | 250307s2025 xr ac g 000 0bcze | ||
| 015 | |a cnb003676078 | ||
| 020 | |a 9788076837621 |q (brožováno) : |c Kč 399,00 | ||
| 035 | |a (OCoLC)1514347089 | ||
| 040 | |a BOA001 |b cze |e rda | ||
| 041 | 1 | |a cze |h eng | |
| 043 | |a n-us--- | ||
| 045 | |a x-y- | ||
| 072 | 7 | |a 133 |x Ezoterismus. Okultismus |2 Konspekt | |
| 072 | 7 | |a 929 |x Biografie |2 Konspekt | |
| 080 | |a 133-047.37-051 |2 MRF | ||
| 080 | |a 133-047.37-055.2 |2 MRF | ||
| 080 | |a 133 |2 MRF | ||
| 080 | |a 001.94 |2 MRF | ||
| 080 | |a 398.41/.42 |2 MRF | ||
| 080 | |a 2-167.62 |2 MRF | ||
| 080 | |a 27-167.62-12 |2 MRF | ||
| 080 | |a 27-548.5 |2 MRF | ||
| 080 | |a 929 |2 MRF | ||
| 080 | |a (73) |2 MRF | ||
| 080 | |a (0:82-96) |2 MRF | ||
| 080 | |a (0:82-322.6) |2 MRF | ||
| 100 | 1 | |a Brittle, Gerald |7 hka20201073538 |4 aut | |
| 240 | 1 | 0 | |a Demonologist. |l Česky |
| 245 | 1 | 0 | |a Démonologové : |b neuvěřitelné případy Eda a Lorraine Warrenových, skutečných lovců duchů / |c Gerald Brittle ; z anglického originálu The demonologist ... přeložil David Sajvera |
| 250 | |a 2. vydání | ||
| 264 | 1 | |a Praha : |b XYZ, |c 2025 | |
| 300 | |a 315 stran : |b ilustrace, portréty ; |c 21 cm | ||
| 336 | |a text |b txt |2 rdacontent | ||
| 337 | |a bez média |b n |2 rdamedia | ||
| 338 | |a svazek |b nc |2 rdacarrier | ||
| 520 | 2 | |a Kniha přibližuje čtenářům skutečné a děsivé paranormální případy, do jejichž vyšetřování se zapojila známá manželská dvojice Warrenových. Na motivy některých přídadů vznikly úspěšné filmové adaptace. | |
| 600 | 1 | 7 | |a Warren, Ed, |d 1926-2006 |7 mzk20201078257 |2 czenas |
| 600 | 1 | 7 | |a Warren, Lorraine, |d 1927-2019 |7 mzk20201078261 |2 czenas |
| 648 | 7 | |a 20.-21. století |7 ch462155 |2 czenas | |
| 650 | 0 | 7 | |a paranormální vyšetřovatelé |7 ph1081290 |z Spojené státy americké |y 20.-21. století |2 czenas |
| 650 | 0 | 7 | |a paranormální vyšetřovatelky |7 ph1081291 |z Spojené státy americké |y 20.-21. století |2 czenas |
| 650 | 0 | 7 | |a nadpřirozené jevy |7 ph559647 |2 czenas |
| 650 | 0 | 7 | |a nevysvětlené jevy |7 ph117239 |2 czenas |
| 650 | 0 | 7 | |a duchové |7 ph119640 |2 czenas |
| 650 | 0 | 7 | |a démoni |7 ph119688 |2 czenas |
| 650 | 0 | 7 | |a démonologie |7 ph119689 |2 czenas |
| 650 | 0 | 7 | |a exorcismus |7 ph120103 |2 czenas |
| 650 | 0 | 9 | |a paranormal investigators |z United States |y 20th-21st centuries |2 eczenas |
| 650 | 0 | 9 | |a women paranormal investigators |z United States |y 20th-21st centuries |2 eczenas |
| 650 | 0 | 9 | |a supernatural |2 eczenas |
| 650 | 0 | 9 | |a ghosts |2 eczenas |
| 650 | 0 | 9 | |a demons |2 eczenas |
| 650 | 0 | 9 | |a demonology |2 eczenas |
| 650 | 0 | 9 | |a exorcism |2 eczenas |
| 655 | 7 | |a literatura faktu |7 fd132773 |2 czenas | |
| 655 | 7 | |a biografické příběhy |7 fd131953 |2 czenas | |
| 655 | 9 | |a non-fiction |2 eczenas | |
| 655 | 9 | |a biographical stories |2 eczenas | |
| 700 | 1 | |a Sajvera, David |7 xx0070735 |4 trl | |
| 900 | |a ABA001 |b 20 | ||
| 928 | 9 | |a Albatros Media - XYZ | |
| 044 | |a xr | ||
| 505 | 0 | 0 | |t 1. Uvod (11 min., 45 sek.) |
| 505 | 0 | 0 | |t 2. Tajemstvi Amityville (50 min., 34 sek.) |
| 505 | 0 | 0 | |t 3. Umeni a prizraky (1 hod., 19 min., 22 sek.) |
| 505 | 0 | 0 | |t 4. Annabelle (46 min., 34 sek.) |
| 505 | 0 | 0 | |t 5. Nadprirozene jevy (44 min., 7 sek.) |
| 505 | 0 | 0 | |t 6. Kouzelnicka kniha jako vanocni darek (46 min., 56 sek.) |
| 505 | 0 | 0 | |t 7. Bytosti mimosvetskeho puvodu (50 min., 6 sek.) |
| 505 | 0 | 0 | |t 8. Infestace zacatek procesu (38 min., 50 sek.) |
| 505 | 0 | 0 | |t 9. Oprese - vyjeveni strategie (1 hod., 4 min., 26 sek.) |
| 505 | 0 | 0 | |t 10. Utok na rodinu (45 min., 19 sek.) |
| 505 | 0 | 0 | |t 11. Vysvobozeni (1 hod., 1 min., 28 sek.) |
| 505 | 0 | 0 | |t 12. Luciferuv sluha (44 min., 30 sek.) |
| 505 | 0 | 0 | |t 13. Duch se vraci (34 min., 4 sek.) |
| 505 | 0 | 0 | |t 14. Duse jako rukojmi (1 hod., 3 min., 24 sek.) |
| 505 | 0 | 0 | |t 15. Enfieldske hlasy (50 min., 8 sek.) |
| 505 | 0 | 0 | |t 16. Jeste jednu otazku (28 min., 10 sek.) |
| 910 | |a RBIT002 | ||
| 998 | |d 419967 |a https://core.palmknihy.cz/api/books/419967/cover?suvk7q |b https://core.palmknihy.cz/api/books/419967/cover/400?suvk7q |c https://core.palmknihy.cz/api/books/419967/cover/50?suvk7q |e 2030-01-17 |i 9788076837621 |l 45600 |q 49 |r 1 |s https://www.palmknihy.cz/kniha/419967 |t audiobook |y 2025 |z 0 | ||
| 999 | |d 313416 | ||